000 00581nam a2200205Ia 4500
005 20250923150012.0
008 008 250917s9999 xx 000 0 eng d
037 _aTextual
040 _aDSWL
_beng
_cDSWL
041 _aeng
_2eng
084 _aZ2,111, N97
_qDSWL
100 _aAntony, M.J.
_9841180
245 0 _aLand mark judgement on children's rights
_c by M.J. Antony
260 _aNew Delhi
_bIndian Social Institute
_c1997
300 _aiv,35 p.
365 _aINR
_b20.00
925 _g20.00
942 _cTEXL
_hZ2,111, N97
999 _c1458379
_d1458379